000 00593nam a2200181Ia 4500
008 090123s9999 xx 000 0 und d
082 _b12021
100 _aजोशी आशा
245 _aअलिबाबा आणि चाळिस चोर
250 _a1
260 _bसेंट्रल प्रकाशन
_c1984
300 _a56
600 _aजोशी आशा
630 _aअलिबाबा आणि चाळिस चोर
700 _aजोशी आशा
730 _aअलिबाबा आणि चाळिस चोर
942 _cBOOK
999 _c50085
_d50085